European Geography Test - Multilingual #2 - Statistics

General Stats
  • This quiz has been taken 241 times
  • The average score is 6 of 15
Answer Stats
Question Answer % Correct
Welche europäische Hauptstadt liegt am weitesten nördlich? Reykjavík
90%
Ktoré európske mesto leží na hranici dvoch kontinentov? Istanbul
73%
Care râu formează mare parte din granița naturală dintre Slovacia și Ungaria? Dunărea
53%
Hvaða stórfljót rennur í gegnum bæði Þýskaland og Hollandi? Rín
53%
V katerem mestu je mogoče obiskati Karlov most? Praga
44%
Кой е най-големият активен вулкан в Европа? Етнa
43%
Które państwo europejskie posiada najwięcej sąsiadów? Niemcy
36%
Liema minn dawn l-gżejjer kollha mhux parti mill-gżejjer Baleariċi? Sardinja
35%
Otprilike koliko stanovnika ima Moldova? Približno dva i pol milijuna
33%
Ποια χώρα δεν έχει πρόσβαση στη Μεσόγειο Θάλασσα; Βουλγαρία
28%
Melyik országban található a "Vörös tér"? Oroszország
27%
Hvilket land har det største antal øer i Europa? Sverige
26%
Millises Euroopa riigis asub Vana Maailma kõrgeim juga - Vinnufossen? Norra
22%
Cili vend ka dendësinë më të lartë të popullsisë në Evropë (duke përjashtuar mikro-shtetet)? Holanda
21%
Kuri sostinė yra arčiausiai geografinio Europos centro? Vilnius
14%
No matching quizzes found
Score Distribution
Percent of People with Each Score
Percentile by Number Answered
Your Score History
You have not taken this quiz